01101nam a2200241Ia 4500001000600000003000900006008004100015040001300056040001300069041001300082100001100095100002900106245002000135245002000155250001100175260001100186260001300197260004900210300005700259500049300316650001900809650003100828C7472IT-RoPAU130308s9999 xx 000 0 und d aIT-RoPAU cIT-RoPAU aITALIANO aAA.VV. gCodice Aut. SPICS: 12000 aNote di rivolta bNote di Rivolta a1a ed. aMILANO bVolonta' c1993 [1° Ed.:1993 - Ed.Ling.Originale:1993] a"236 p. (prefazione: no ; testo: 236 [pagine: 0-0])" aMusica Come Il Piu' Popolare veicolo della Protesta. nulla Mette così in Ridicolo L'Ottusità del Potere Quanto gli Sberleffi Affidati a Note Musicali. Note di Rivolta ci Permette di Cogliere Il momento magico in Cui L'Aspirazione per un Mondo Migliore Diventa Messaggio Immediatamente Comprensibile. Un Filone Musicale che Oggi si Esprime con forme Diverse, Ma che Mantiene Tutta la Sua Carica Libertaria. contributi di Autori Vari. Illustrazioni Sono notazioni Musicali di Paul Klee. aSAGGI MUSICALI eCodice materia Spics: 7011